000 00376 a2200157 4500
001 75800
020 _a851603066
040 _cAnchieta - Colégio São Paulo
100 _aBranco, Samuel Murgel
240 1 0 _aO Saci e a reciclagem do lixo
_lpor
245 1 0 _aO Saci e a reciclagem do lixo
300 _a16
362 0 _a2002
650 4 _aLiteratura infantil
942 _cBK
999 _c75800
_d75800